| 000 | 01309nam0a22002771 4500 | ||
|---|---|---|---|
| 001 | rc\4329652 | ||
| 005 | 20130416133041.3 | ||
| 021 |
_aRU _b[53-35316] |
||
| 035 | _a(NLR Aleph) 008517206 | ||
| 090 |
_a8205927 _c8205927 |
||
| 100 | _a20130416d1953 |||y0rusy50 ca | ||
| 101 | 0 | _arus | |
| 102 | _aRU | ||
| 105 | _aa z ||||| | ||
| 200 | 1 |
_aВопросы автоматизации в угольной промышленности _eСборник статей _eМатериалы Науч.-техн. конференции по автоматизации угольной пром-сти (г. Сталино, окт. 1952 г.) _fПод общ. ред. проф. Д.Н. Оглоблина и проф. В.Г. Гейера |
|
| 210 |
_aМосква _aЛенинград _cУглетехиздат _d1953 |
||
| 215 |
_a512 с., 7 л. ил. _cил. _d23 |
||
| 606 |
_aУгледобыча _xАвтоматизация _jСборники _2psbo |
||
| 702 | 1 |
_aОглоблин _bД. Н. _4340 |
|
| 702 | 1 |
_aГейер _bВ. Г. _4340 |
|
| 712 | 0 | 2 | _aНаучно-техническая конференция по автоматизации угольной пром-сти (1952; Сталино) |
| 801 | 0 |
_aRU _bNLR _gpsbo |
|
| 801 | 1 |
_aRU _bELAR _2rusmarc |
|
| 852 |
_aNLR _jТ26 Г-5/706 |
||
| 942 | _cBOOK | ||
| 980 | _aNB | ||